<?xml version="1.0" encoding="UTF-8"?>
<record
    xmlns:xsi="http://www.w3.org/2001/XMLSchema-instance"
    xsi:schemaLocation="http://www.loc.gov/MARC21/slim http://www.loc.gov/standards/marcxml/schema/MARC21slim.xsd"
    xmlns="http://www.loc.gov/MARC21/slim">

  <leader>00402nam a22001577a 4500</leader>
  <controlfield tag="005">20260407112242.0</controlfield>
  <controlfield tag="008">260407b        |||||||| |||| 00| 0 eng d</controlfield>
  <datafield tag="020" ind1=" " ind2=" ">
    <subfield code="a">978-1861-977-694</subfield>
  </datafield>
  <datafield tag="050" ind1=" " ind2=" ">
    <subfield code="a">HQ  31.G74 2003</subfield>
  </datafield>
  <datafield tag="100" ind1=" " ind2=" ">
    <subfield code="a">ROBERT GREENE</subfield>
  </datafield>
  <datafield tag="245" ind1=" " ind2=" ">
    <subfield code="a">THE ART OF SEDUCTION</subfield>
  </datafield>
  <datafield tag="260" ind1=" " ind2=" ">
    <subfield code="a">GREAT BRITAIN</subfield>
    <subfield code="b">PROFILE BOOKS</subfield>
    <subfield code="c">2003</subfield>
  </datafield>
  <datafield tag="300" ind1=" " ind2=" ">
    <subfield code="a">X,467</subfield>
  </datafield>
  <datafield tag="500" ind1=" " ind2=" ">
    <subfield code="a">INCLUDES AN INDEX</subfield>
  </datafield>
  <datafield tag="942" ind1=" " ind2=" ">
    <subfield code="2">lcc</subfield>
    <subfield code="c">BK</subfield>
  </datafield>
  <datafield tag="999" ind1=" " ind2=" ">
    <subfield code="c">216925</subfield>
    <subfield code="d">216925</subfield>
  </datafield>
  <datafield tag="952" ind1=" " ind2=" ">
    <subfield code="0">0</subfield>
    <subfield code="1">0</subfield>
    <subfield code="2">lcc</subfield>
    <subfield code="4">0</subfield>
    <subfield code="6">HQ0031 G74  02003</subfield>
    <subfield code="7">0</subfield>
    <subfield code="8">ARTS</subfield>
    <subfield code="9">376689</subfield>
    <subfield code="a">KSUL</subfield>
    <subfield code="b">KSUL</subfield>
    <subfield code="c">DISPLAY</subfield>
    <subfield code="d">2026-04-07</subfield>
    <subfield code="i">110978</subfield>
    <subfield code="l">0</subfield>
    <subfield code="o">HQ  31.G74 2003</subfield>
    <subfield code="p">A000099</subfield>
    <subfield code="r">2026-04-07 11:23:40</subfield>
    <subfield code="t">C.7</subfield>
    <subfield code="w">2026-04-07</subfield>
    <subfield code="y">BK</subfield>
  </datafield>
  <datafield tag="952" ind1=" " ind2=" ">
    <subfield code="0">0</subfield>
    <subfield code="1">0</subfield>
    <subfield code="2">lcc</subfield>
    <subfield code="4">0</subfield>
    <subfield code="6">HQ0031 G74  02003</subfield>
    <subfield code="7">0</subfield>
    <subfield code="8">ARTS</subfield>
    <subfield code="9">376690</subfield>
    <subfield code="a">KSUL</subfield>
    <subfield code="b">KSUL</subfield>
    <subfield code="c">DISPLAY</subfield>
    <subfield code="d">2026-04-07</subfield>
    <subfield code="i">110980</subfield>
    <subfield code="l">0</subfield>
    <subfield code="o">HQ  31.G74 2003</subfield>
    <subfield code="p">A000098</subfield>
    <subfield code="r">2026-04-07 11:23:00</subfield>
    <subfield code="t">C.9</subfield>
    <subfield code="w">2026-04-07</subfield>
    <subfield code="y">BK</subfield>
  </datafield>
  <datafield tag="952" ind1=" " ind2=" ">
    <subfield code="0">0</subfield>
    <subfield code="1">0</subfield>
    <subfield code="2">lcc</subfield>
    <subfield code="4">0</subfield>
    <subfield code="6">HQ0031 G74  02003</subfield>
    <subfield code="7">0</subfield>
    <subfield code="8">ARTS</subfield>
    <subfield code="9">376691</subfield>
    <subfield code="a">KSUL</subfield>
    <subfield code="b">KSUL</subfield>
    <subfield code="c">DISPLAY</subfield>
    <subfield code="d">2026-04-07</subfield>
    <subfield code="i">110977</subfield>
    <subfield code="l">0</subfield>
    <subfield code="o">HQ  31.G74 2003</subfield>
    <subfield code="p">A000100</subfield>
    <subfield code="r">2026-04-07 11:23:00</subfield>
    <subfield code="t">C.6</subfield>
    <subfield code="w">2026-04-07</subfield>
    <subfield code="y">BK</subfield>
  </datafield>
</record>
